Countries with Most Average Names - Statistics

General Stats
  • This quiz has been taken 29 times
  • The average score is 12 of 24
Answer Stats
Average Distance Continent Country % Correct
6.918 Asia China
86%
6.795 Asia Iran
72%
6.954 Europe Spain
72%
6.856 North America Canada
66%
6.990 Africa Mali
66%
6.831 Asia India
62%
6.913 Oceania Tonga
52%
7.000 Africa Zambia
52%
6.974 Africa Benin
48%
6.949 Africa Gambia
48%
6.856 Africa Ghana
48%
6.831 Oceania Samoa
48%
6.841 Europe Serbia
48%
6.985 Africa Somalia
45%
6.995 Africa Guinea
41%
6.969 Europe Latvia
41%
6.831 Europe Malta
41%
6.985 North America Panama
41%
6.985 Africa Rwanda
41%
6.990 Asia Taiwan
38%
6.928 Africa Uganda
38%
6.903 Europe Albania
34%
6.790 Asia Syria
24%
6.877 Europe Romania
21%
No matching quizzes found
Score Distribution
Percent of People with Each Score
Percentile by Number Answered
Your Score History
You have not taken this quiz